000
00315nam a22001337a 4500
008
181218b xxu||||| |||| 00| 0 eng d
020
_a
9780721677286
041
_a
eng
080
_a
616.5
100
_a
7
101
_a
DER
245
_a
Comprehensive Dermatologic Drug Therapy
_c
Wolverton, S.E
942
_2
udc
_c
BK
999
_c
53397
_d
53397